[Event "Bolzano op 19th"]
[Site "Bolzano"]
[Date "2024.02.04"]
[Round "4"]
[White "Lami, Damiano"]
[Black "Beckert, Alessandro"]
[Result "1-0"]
[WhiteElo "2154"]
[BlackElo "1861"]
[PlyCount "97"]
[EventDate "2024.02.02"]
[EventType "swiss"]
[EventRounds "5"]
[EventCountry "ITA"]
[SourceTitle "CBM 218 Extra"]
[Source "ChessBase"]
[SourceDate "2024.03.31"]
[SourceVersion "1"]
[SourceVersionDate "2024.03.31"]
[SourceQuality "1"]

1. e4 c6 2. d4 d5 3. f3 e5 4. exd5 Qh4+ 5. g3 Qxd4 6. Nc3 Qxd1+ 7. Kxd1 Bf5 8. h4 h5 9. Bh3 Bxh3 10. Nxh3 cxd5 11. Nxd5 Na6 12. Ke2 0-0-0 13. Rd1 Ne7 14. Nxe7+ Bxe7 15. Be3 Kb8 16. Ng5 Bxg5 17. Bxg5 f6 18. Rxd8+ Rxd8 19. Bd2 Nc7 20. c3 Ne6 21. Be3 f5 22. Re1 Re8 23. Rd1 Rd8 24. Rxd8+ Nxd8 25. Kd3 b5 26. c4 a6 27. cxb5 axb5 28. b3 Kb7 29. Bc5 Kc6 30. Be3 Ne6 31. a4 bxa4 32. bxa4 Kd5 33. a5 f4 34. gxf4 exf4 35. Bf2 g5 36. a6 gxh4 37. a7 Nc7 38. Bxh4 Na8 39. Bd8 Kc6 40. Ke4 Kd7 41. Ba5 h4 42. Kxf4 h3 43. Kg3 h2 44. Kxh2 Kc6 45. Kg3 Kb7 46. f4 Kxa7 47. f5 Ka6 48. Bd8 Kb7 49. f6 1-0